KOHA-Header-6

Oscillation Theory Of Differential Equations With Deviating Arguments (Record no. 6811)

000 -LEADER
fixed length control field 00293nam a2200109Ia 4500
100 ## - MAIN ENTRY--AUTHOR NAME
Personal name Ladde,G.S.
245 #0 - TITLE STATEMENT
Title Oscillation Theory Of Differential Equations With Deviating Arguments
260 ## - PUBLICATION, DISTRIBUTION, ETC. (IMPRINT)
Place of publication USA
Name of publisher Pearson
Year of publication 1987
300 ## - PHYSICAL DESCRIPTION
Number of Pages 350
942 ## - ADDED ENTRY ELEMENTS (KOHA)
Koha item type Books
Holdings
Withdrawn status Lost status Collection code Permanent Location Current Location Shelving location Date acquired Full call number Accession Number Koha item type
    Mathematics MAJU MAJU Shelf No.A26 2019-09-11 004.33 283 Mathematics

Powered by Koha